书目信息 |
| 题名: |
建设工程监理概论
|
|
| 作者: | 刘晓丽 , 齐亚丽 主编 | |
| 分册: | ||
| 出版信息: | 北京 北京理工大学出版社 2020.10 |
|
| 页数: | 261页 | |
| 开本: | 26cm | |
| 丛书名: | ||
| 单 册: | ||
| 中图分类: | TU712.2 | |
| 科图分类: | ||
| 主题词: | 建筑工程--jian zhu gong cheng--监理工作--高等学校--教材 | |
| 电子资源: | ||
| ISBN: | 978-7-5682-9135-4 | |
| 000 | 01099nam0 2200265 450 | |
| 001 | CAL 0120213143081 | |
| 005 | 20210113164424.6 | |
| 010 | @a978-7-5682-9135-4@dCNY68.00 | |
| 100 | @a20210112d2020 em y0chiy0120 ea | |
| 101 | 0 | @achi |
| 102 | @aCN@b110000 | |
| 105 | @aak a 000yy | |
| 106 | @ar | |
| 200 | 1 | @a建设工程监理概论@Ajian she gong cheng jian li gai lun@f主编刘晓丽, 齐亚丽 |
| 205 | @a第3版 | |
| 210 | @a北京@c北京理工大学出版社@d2020.10 | |
| 215 | @a261页@c图@d26cm | |
| 320 | @a有书目 | |
| 330 | @a本书根据最新工程建设监理标准规范进行编写, 系统地讲述了建设工程监理的基本概念、组织管理及方式方法。全书共分为九章, 主要内容包括建设工程监理概论、工程监理企业和监理工程师、建设工程监理组织、监理规划与监理实施细则、建设工程监理目标控制、建设工程合同管理、建设工程监理信息管理、建设工程设备采购与设备监造、建设工程风险管理等。 | |
| 606 | 0 | @a建筑工程@Ajian zhu gong cheng@x监理工作@x高等学校@j教材 |
| 690 | @aTU712.2@v5 | |
| 701 | 0 | @a刘晓丽@Aliu xiao li@4主编 |
| 701 | 0 | @a齐亚丽@Aqi ya li@4主编 |
| 801 | 0 | @aCN@b人天书店@c20210112 |
| 905 | @aTSG@b0000391@dTU712.2@eL693@f2 | |
| 建设工程监理概论/主编刘晓丽, 齐亚丽.-第3版.-北京:北京理工大学出版社,2020.10 |
| 261页:图;26cm |
| ISBN 978-7-5682-9135-4:CNY68.00 |
| 本书根据最新工程建设监理标准规范进行编写, 系统地讲述了建设工程监理的基本概念、组织管理及方式方法。全书共分为九章, 主要内容包括建设工程监理概论、工程监理企业和监理工程师、建设工程监理组织、监理规划与监理实施细则、建设工程监理目标控制、建设工程合同管理、建设工程监理信息管理、建设工程设备采购与设备监造、建设工程风险管理等。 |
| ● |
| 相关链接 |
|
|
|
正题名:建设工程监理概论
索取号:TU712.2/L693
 
预约/预借
| 序号 | 登录号 | 条形码 | 馆藏地/架位号 | 状态 | 备注 |
| 1 | 1537443 | 215374431 | 建筑库201/201建筑库 23排3列5层/ [索取号:TU712.2/L693] | 在馆 | |
| 2 | 1537444 | 215374440 | 建筑库201/201建筑库 23排3列5层/ [索取号:TU712.2/L693] | 在馆 |